000 00735nam a22002177a 4500
003 DO-SdBNP
005 20151126140437.0
008 151126b 2005 mx xxu||||| |||| 00| 0 spa d
020 _a9701051777
040 _aBPMSU
_bspa
_cBPMSU
092 _axxxxx
_bxxxxx
100 1 _aSagols Sales, Lizbeth Margarita
245 1 0 _aÉtica y valores 1 /
_cLizbeth Margarita Sagols Sales, María Teresa de la Garza Camino, Jorge Enrique Linares Salgado.
260 _aMéxico :
_bMCGRAW-HILL INTERAMERICANA,
_c2005.
300 _aviii, 144 p. :
_bil., retrs. ;
_c27 cm.
700 1 2 _aGarza Camino, María Teresa de la
700 1 2 _aLinares Salgado, Jorge Enrique
910 _a00260
942 _2ddc
_cBK
956 _aLorenza Pérez
_b10
999 _c8933
_d8933